Krev na kolejích /

Klasický anglický detektivní román ze série Vraždy v Yorkshiru. Tentokrát na detektiva Oldroyda čeká případ vraždy ve vlaku.

Uloženo v:
Série:Vraždy v Yorkshiru (J.R. Ellis), část 8
Hlavní autor: Ellis, J. R. (Autor)
Další autoři: Havlen, Michael, 1967- (Autor)
Médium: Kniha
Jazyk:Czech
Vydáno: Praha : Mystery Press, 2026
Vydání:1. vydání
Témata:
Celkem bylo vypůjčeno:0x
Příbuzné jednotky:Z cyklu:: Vraždy v Yorkshiru (J.R. Ellis)
Tagy:
Žádné tagy
LEADER 02573nam a2200433 i 4500
001 106206
003 CZ PrNK
005 20260428103356.0
007 ta
008 260417s2026 xr g 000 f cze
015 |a cnb003751602 
020 |a 9788077070768  |q (vázáno) 
040 |a ABG001  |b cze  |e rda 
041 1 |a cze  |h eng 
072 7 |a 821.111-3  |x Anglická próza, anglicky psaná  |2 Konspekt  |9 25 
080 |a 821.111-31  |2 MRF 
080 |a (0:82-312.4)  |2 MRF 
100 1 |a Ellis, J. R.  |7 xx0282518  |4 aut  |9 114108 
240 1 0 |a Railway Murders.  |l Česky 
245 1 0 |a Krev na kolejích /  |c J.R. Ellis ; přeložil Michael Havlen 
250 |a 1. vydání 
264 1 |a Praha :  |b Mystery Press,  |c 2026 
300 |a 247 stran ;  |c 22 cm 
336 |a text  |b txt  |2 rdacontent 
337 |a bez média  |b n  |2 rdamedia 
338 |a svazek  |b nc  |2 rdacarrier 
500 |a Přeloženo z angličtiny 
520 2 |a Klasický anglický detektivní román ze série Vraždy v Yorkshiru. Tentokrát na detektiva Oldroyda čeká případ vraždy ve vlaku.  |b Daniel Hayward, hvězda filmu Seber odvahu, je během natáčení na historické železnici ve Wharfedale zastřelen ve vagonu vlaku. K vyšetřování případu je přizván šéfinspektor Oldroyd, který s sebou vezme i svou přítelkyni Deboru v domnění, že si ve volných chvílích společně užijí krásy anglického venkova. Oldroyd se okamžitě pouští do vyšetřování a čím víc proniká do Haywardovy minulosti, tím více zhrzených milenek a nesplacených dluhů nachází. Než ale dopadne vraha, musí nejdřív zjistit, jak se mu tenhle zdánlivě dokonalý zločin - který jako by vypadl z detektivek Agathy Christie - podařilo provést. Ať už je pachatelem kdokoli, je odhodlaný pohřbít pravdu hodně hluboko. Netrvá dlouho a Oldroyd od něj dostane první mrazivé varování. Šéfinspektorovi je naprosto zřejmé, že jeho milovaná Debora se ocitla v nebezpečí. Nakladatelská anotace. 
655 7 |a anglické romány  |7 fd131814  |2 czenas  |9 53421 
655 7 |a detektivní romány  |7 fd132010  |2 czenas  |9 53536 
655 9 |a English fiction  |2 eczenas 
655 9 |a detective novels  |2 eczenas 
700 1 |a Havlen, Michael,  |d 1967-  |7 ola2003199766  |4 trl  |9 114109 
710 2 |a Mystery Press (nakladatelství)  |7 xx0232336  |4 pbl  |9 117211 
787 0 8 |i Z cyklu:  |t Vraždy v Yorkshiru (J.R. Ellis)  |g 8 
910 |a UOG502 
942 |2 ddc  |c KN 
999 |d 106206 
993 |0 0  |1 421180106932  |2 ddc  |4 0  |7 0  |9 99549  |b 0  |c 106932  |d 2026-04-28  |e 0  |f DOSP  |h 399.00  |i Koupě  |l DOSP  |r 2026-04-28  |t 6  |w 2026-04-28  |y KN  |z KRIMI  |n